Six epreuves au service de la psychologie clinique
Αποθηκεύτηκε σε:
| Κύριος συγγραφέας: | |
|---|---|
| Μορφή: | Βιβλίο |
| Γλώσσα: | French |
| Δημοσίευση: |
Bruxelles :
Bettendorff,
[19--]
|
| Θέματα: | |
| Ετικέτες: |
Προσθήκη ετικέτας
Δεν υπάρχουν, Καταχωρήστε ετικέτα πρώτοι!
|
MARC
| LEADER | 00000cam a2200000 i 4500 | ||
|---|---|---|---|
| 001 | 1/90423 | ||
| 008 | 080703q19501960 fre d | ||
| 035 | |l 10098678 | ||
| 040 | |a GR-MY-UA |b gre |e aacr | ||
| 041 | 0 | |a fre | |
| 082 | 0 | |a 150.287 |2 (22) | |
| 100 | 1 | |a Rey, Andre. | |
| 245 | 1 | 0 | |a Six epreuves au service de la psychologie clinique / |c Andre Rey |
| 260 | |a Bruxelles : |b Bettendorff, |c [19--] | ||
| 300 | |a 40 σ.; |c 21 εκ. | ||
| 504 | |a Περιλαμβάνει βιβλιογραφίες | ||
| 650 | 0 | 0 | |a Psychological tests. |
| 650 | 0 | 0 | |a Psychology, Applied. |
| 852 | |a INST |b RHODES |c AKA |e 20080703 |h 150.287 REY |p 005400028016 |q 005400028016 |t BK |y 0 | ||
| 901 | |a BIBL4-2008-2 | ||
| 909 | |a Ρ |b 150657 | ||
| 970 | |a ΧΑΡΙΟΠΟΛΙΤΟΥ |b ΚΩΝΣΤΑΝΤΙΝΑ |z 2008/07/03 | ||